| 000 | 005790000a22001210004500 | ||
|---|---|---|---|
| 100 | 1 | _aBustelo, Gabriela | |
| 245 | 1 | 0 | _aLa rebelíon de los jurados : Crisis en la literatura |
| 300 | _aVol.0, núm.2 (Noviembre, 2005), Páginas 20-21 | ||
| 500 | _aEscritora española. | ||
| 520 | _aEste octubre, jurados de premios literarios como el Nobel y el Planeta decidieron tirar la toalla. Denigran de los escritores, de los premios mismos, de las editoriales y de las academias. ¿Qué diablos está pasando aquí? | ||
| 773 | 0 | _tArcadia / Andrés Felipe Solano, Editor | |
| 942 | _cANA | ||
| 999 |
_c61717 _d61717 |
||